Marketing management and strategy / (Record no. 214)

MARC details
000 -LEADER
fixed length control field 00567nam a2200205 a 4500
001 - CONTROL NUMBER
control field 214
005 - DATE AND TIME OF LATEST TRANSACTION
control field 20221127085902.0
008 - FIXED-LENGTH DATA ELEMENTS--GENERAL INFORMATION
fixed length control field 050920s lxxka | 00100 eng d
020 ## - INTERNATIONAL STANDARD BOOK NUMBER
International Standard Book Number 0273651501 :
Terms of availability SR180.00
035 ## - SYSTEM CONTROL NUMBER
System control number 227
082 04 - DEWEY DECIMAL CLASSIFICATION NUMBER
Classification number 658.8
Item number D776 2002
100 1# - MAIN ENTRY--PERSONAL NAME
Personal name Doyle, Peter.
245 10 - TITLE STATEMENT
Title Marketing management and strategy /
Statement of responsibility, etc. Peter Doyle.
250 ## - EDITION STATEMENT
Edition statement 3rd ed.
260 ## - PUBLICATION, DISTRIBUTION, ETC.
Place of publication, distribution, etc. Harlow, England :
Name of publisher, distributor, etc. FT/Prentice Hall,
Date of publication, distribution, etc. 2002.
300 ## - PHYSICAL DESCRIPTION
Extent xviii, 446 p. :
Other physical details ill. ;
Dimensions 25 cm.
500 ## - GENERAL NOTE
General note Includes index.
650 #4 - SUBJECT ADDED ENTRY--TOPICAL TERM
Topical term or geographic name entry element Marketing
General subdivision Management.
650 #4 - SUBJECT ADDED ENTRY--TOPICAL TERM
Topical term or geographic name entry element Marketing.
Holdings
Withdrawn status Lost status Source of classification or shelving scheme Damaged status Not for loan Home library Current library Date acquired Total Checkouts Full call number Barcode Date last seen Copy number Price effective from Koha item type
          CENTRAL CENTRAL 11/27/2022   658.8 D776 2002 1000000001373 11/27/2022 C1 11/27/2022 Book
    Dewey Decimal Classification     KHOBAR KHOBAR 11/27/2022   658.8 D776 2002 1000000001374 11/27/2022 C2 11/27/2022 Book